Civil litigation : a case study (Record no. 4913)
[ view plain ]
| 000 -LEADER | |
|---|---|
| fixed length control field | 01157nam a22001697a 4500 |
| 020 ## - INTERNATIONAL STANDARD BOOK NUMBER | |
| ISBN | 0929563611 |
| 020 ## - INTERNATIONAL STANDARD BOOK NUMBER | |
| ISBN | 9780929563619 |
| 050 ## - CALL NUMBER | |
| Classification number | KF8839 |
| Item number | .K28 |
| 245 ## - TITLE | |
| Title | Civil litigation : a case study |
| Statement of responsibility, etc | R Pierce Kelley |
| 260 ## - PUBLICATION INFORMATION | |
| Place of publication | Dallas, Tex. : |
| Name of publisher | Pearson Publications, |
| Year of publication | ©2001 |
| 300 ## - DESCRIPTION | |
| Number of Pages | x, 244 pages ; |
| Dimensions | 28 cm. |
| 500 ## - NOTES | |
| General note | <br/><br/> |
| 505 ## - FORMATTED CONTENTS NOTE | |
| Table of Content | 1. Pre-Suit Activity. 2. The Pleadings Stage from the Plaintiff's Perspective. 3. The Pleadings Stage from the Defendant's Perspective. 4. The Written Discovery State. 5. Depositions. 6. Video Deposition of the Surgeon. 7. Continued Negotiations, Physical Examination of the Plaintiff, and Deposition of the Defendant's Expert. 8. Pretrial Motions, Orders of the Court, and Hearings Before the Court. 9. Final Trial Preparations. 10. Voir Dire and Opening Statements. 11. Plaintiff's Case in Chief. 12. Defendant's Case in Chief. 13. Closing Arguments, Jury Deliberations and the Verdict. 14. Post-Trial Motions. Appendix: Timetable of Events in Rose v. Nickel and Dime. |
| 650 ## - SUBJECTS | |
| Topical Term | Civil procedure -- United States -- Cases. |
| General subdivision | Civil procedure. |
| 650 ## - SUBJECTS | |
| Topical Term | United States. |
| 942 ## - ADDED ENTRY ELEMENTS (KOHA) | |
| Koha item type | Books |
| Withdrawn status | Lost status | Collection code | Home library | Current library | Shelving location | Date acquired | Full call number | Accession Number | Koha item type |
|---|---|---|---|---|---|---|---|---|---|
| Reference | Methodist University Law Library | Methodist University Law Library | General Stacks | KF8839 .K28 | 28986 | Books |